000 00649nam a2200229Ia 4500
003 OSt
005 20220926024415.0
006 a|||||r|||| 00| 0
007 ta
008 220923b |||||||| |||| 00| 0 eng d
020 _a0631125175
037 _cGeneral Book
040 _aRTL
_cRTL
_beng
041 _2eng
_aeng
082 _aX, M1/SC
100 _aHUTCHISON T W
_9153908
245 0 _aPolitics and philosophy of economics
_b Marxians, Keynesians and Austrians.
260 _aOxford
_bBasil Blackwell
_c1981
300 _ax,310p.
_ccm.
942 _hX, M1/SC
_cGB
_2CC
999 _c644115
_d644115